000 00354nam a2200133Ia 4500
005 20260326100042.0
008 260326s9999||||xx |||||||||||||| ||und||
100 _aTibol, Raquel
245 0 _aHistoria General del Arte Mexicano :
_b Época Moderna y Contemporánea /
_cRaquel Tibol
260 _bHermes
300 _a248 p.
650 _aARTE
942 _cBK
999 _c7048
_d7048